000 00669nam a22001217a 4500
040 _cRUA
082 _aGCP នាយក​ 2013 A126 Or.
100 _aនាយកដ្ឋាននីតិកម្មកសិកម្ម ក្រសួងកសិកម្ម រុក្ខាប្រមាញ់និងនេសាទ
245 _aកម្រងបទដ្ឋានគតិយុត្តក្រោមច្បាប់ ស្ដីពីការគ្រប់គ្រងថ្នាំកសិកម្ម និងជីកសិកម្ម
260 _aPHNOM PENH
_bRUA
_c2013
300 _aiii,
_bill,
_c29cm,
942 _cសៀវភៅគោល
999 _c25385
_d25385